| 000 | 00758nam a2200265Ia 4500 | ||
|---|---|---|---|
| 003 | OSt | ||
| 005 | 20220918221341.0 | ||
| 006 | a|||||r|||| 00| 0 | ||
| 007 | ta | ||
| 008 | 220917b |||||||| |||| 00| 0 eng d | ||
| 024 | _a149,475 | ||
| 037 | _cTextual | ||
| 040 |
_aARTS _cARTS _beng |
||
| 041 |
_2eng _aeng |
||
| 082 | _aT1:(S), M1 | ||
| 100 |
_aKaplan-Sanoff Margot _9140179 |
||
| 245 | 0 |
_aExploring early childhood _b readings in theory and practice |
|
| 260 |
_aNew York _bMacmillan Pub _c1981 |
||
| 300 |
_axv,510p. _ccm. |
||
| 500 | _aApp 499-504p | ||
| 650 | _aEDUCATION | ||
| 700 |
_a Yablans-Magid Renee _9140180 |
||
| 942 |
_hT1:(S), M1 _cTEXL _2CC |
||
| 999 |
_c272141 _d272141 |
||